Writing history at the Ottoman court : editing the past, fashioning the future
Αποθηκεύτηκε σε:
| Άλλοι συγγραφείς: | , |
|---|---|
| Μορφή: | Βιβλίο |
| Γλώσσα: | English |
| Δημοσίευση: |
Bloomington :
Indiana University Press,
2013.
|
| Θέματα: | |
| Ετικέτες: |
Προσθήκη ετικέτας
Δεν υπάρχουν, Καταχωρήστε ετικέτα πρώτοι!
|
MARC
| LEADER | 00000cam a2200000 a 4500 | ||
|---|---|---|---|
| 001 | 1/106723 | ||
| 008 | 150604s2013####inu| ||| |||| ||eng|| | ||
| 020 | |a 9780253008640 | ||
| 040 | |a GR-MyUa |b gre |c GR-MyUa |e AACR2 | ||
| 041 | 0 | |a eng | |
| 082 | 7 | |a 965.015 |2 (23) | |
| 245 | 0 | 0 | |a Writing history at the Ottoman court : |b editing the past, fashioning the future / |c edited by H. Erdem Cipa and Emine Fetvaci. |
| 260 | |a Bloomington : |b Indiana University Press, |c 2013. | ||
| 300 | |a xv, 181 σ. ; |c 24 εκ. | ||
| 504 | |a Περιλαμβάνει βιβλιογραφία (σ.155-169) και ευρετήριο. | ||
| 505 | 8 | |a Preface -- Note on transliteration -- Acknowledgments -- 1. The historical epic Aḥval-i Sulṭan Meḥemmed (the tales of Sultan Mehmed) in the context of early Ottoman historiography / Dimitris Kastritsis -- 2. The Memory of the Mongols in Early Ottoman Historiography / Baki Tezcan -- 3. Imperialism, Bureaucratic Consciousness, and the Historian's Craft: A Reading of Celalzade Muṣṭafa's Ṭabaḳatü'l-Memalik ve Derecatü'l-Mesalik / Kaya Sahin -- 4. Conversion and Converts to Islam in Ottoman Historiography of the Fifteenth and Sixteenth Centuries / Tijana Krstic -- 5. Seeing the Past: Maps and Ottoman Historical Consciousness / Giancarlo Casale -- 6. From Adam to Süleyman: Visual Representations of Authority in ʻArif's Shahnama-yi Al-i ʻOs̲man / Fatma Sinem Eryilmaz -- 7. The Challenge of Periodization: New Patterns in Nineteenth-Century Ottoman Historiography / Hakan T. Karateke -- Bibliography -- Contributors -- Index. | |
| 651 | 0 | |a Turkey |x Historiography. | |
| 700 | 1 | |a Cipa, H. Erdem, |d 1971- |e edt | |
| 700 | 1 | |a Fetvaci, Emine, |e edtf | |
| 852 | |a INST |b LESVOS |e 20150604 |h 956.015 WRI |p 005100056878 |q 005100056878 |t BK |y 0 | ||
| 970 | |a Τζαφέρη |b Ευαγγελία |z 04-06-2015 | ||